000 00482nam a2200193Ia 4500
005 20250923144428.0
008 008 250917s9999 xx 000 0 eng d
037 _aTextual
040 _aDSWL
_beng
_cDSWL
041 _aeng
_2eng
084 _qDSWL
245 0 _aReport on China. Sept.1951
_cby American Academy of Political and Social Science
260 _c1951
300 _a291 p.
365 _aUSD
_b2
925 _g2
942 _cTEXL
999 _c1438751
_d1438751